[Event "22. Open de Gros 2012"]
[Site "San Sebastián ESP"]
[Date "2012.09.23"]
[Round "4.7"]
[White "Elduayen Echave, Ramon"]
[Black "Elizondo Market, Juan Marcos"]
[Result "1/2-1/2"]
[WhiteElo "1661"]
[BlackElo "1873"]
[PlyCount "45"]
[EventDate "2012.09.20"]
[EventType "swiss"]
[EventRounds "8"]
[EventCountry "ESP"]
[Source "lmi"]
[SourceDate "2012.01.14"]

1. e4 c5 2. c3 d5 3. exd5 Qxd5 4. d4 Nc6 5. Nf3 Bf5 6. Be3 O-O-O 7. Qb3 Qxb3 8.
axb3 cxd4 9. Nxd4 Nxd4 10. Bxd4 a6 11. b4 Bxb1 12. Rxb1 f6 13. b5 axb5 14. Ra1
Kc7 15. Bxb5 Nh6 16. Bc4 e5 17. Bf7 exd4 18. Rf1 Bd6 19. g3 Bc5 20. Be6 Rd6 21.
Bg4 b5 22. h3 b4 23. cxb4 1/2-1/2

[Event "22. Open de Gros 2012"]
[Site "San Sebastián ESP"]
[Date "2012.09.23"]
[Round "4.12"]
[White "Parron Luceno, David"]
[Black "Santos Martinez, Juan Maria"]
[Result "1-0"]
[WhiteElo "1580"]
[BlackElo "1389"]
[PlyCount "77"]
[EventDate "2012.09.20"]
[EventType "swiss"]
[EventRounds "8"]
[EventCountry "ESP"]
[Source "lmi"]
[SourceDate "2012.01.14"]

1. b4 e5 2. a3 Nf6 3. Bb2 d6 4. c4 Nbd7 5. e3 Be7 6. g3 c6 7. Bg2 O-O 8. d3 Qc7
9. Nd2 b6 10. b5 Bb7 11. e4 cxb5 12. cxb5 Nc5 13. Qe2 Rac8 14. Ngf3 h6 15. O-O
Na4 16. Rac1 Qd7 17. Rxc8 Rxc8 18. Rb1 Nxb2 19. Rxb2 Rc1+ 20. Nf1 Bc8 21. a4
Qb7 22. N3d2 Be6 23. Nc4 Qd7 24. Qd2 Ra1 25. Ra2 Rxa2 26. Qxa2 Bh3 27. Nfe3
Bxg2 28. Kxg2 Ng4 29. Nd5 Bf8 30. f3 Nf6 31. Nxf6+ gxf6 32. Ne3 Qe6 33. Qc2 Qd7
34. Qc6 Qe6 35. Nd5 f5 36. Qb7 fxe4 37. dxe4 f5 38. Qxa7 f4 39. Qxb6 1-0

[Event "22. Open de Gros 2012"]
[Site "San Sebastián ESP"]
[Date "2012.09.25"]
[Round "6.3"]
[White "Martinet, Regis"]
[Black "Riesco Lecuona, Juan Manuel"]
[Result "0-1"]
[WhiteElo "2080"]
[BlackElo "1908"]
[PlyCount "100"]
[EventDate "2012.09.20"]
[EventType "swiss"]
[EventRounds "8"]
[EventCountry "ESP"]
[Source "lmi"]
[SourceDate "2012.01.14"]

1. d4 f5 2. g4 e6 3. gxf5 exf5 4. Nf3 Nf6 5. Bg5 Be7 6. e3 d5 7. Nbd2 c6 8. Bd3
Ne4 9. Bf4 Nd7 10. Qe2 Ndf6 11. Ne5 Qb6 12. Rb1 Nxd2 13. Qxd2 Be6 14. c3 Ne4
15. Qe2 O-O-O 16. O-O g5 17. Bg3 Rdg8 18. f3 Nxg3 19. hxg3 Bd6 20. Kg2 Bxe5 21.
dxe5 f4 22. g4 h5 23. Bf5 Bxf5 24. gxf5 Qc7 25. exf4 gxf4+ 26. Kh2 Rg3 27. Rg1
Qg7 28. Rg2 Qg5 29. Kg1 Qxf5 30. Rf1 Rhg8 31. Rff2 Qh3 32. e6 Rxg2+ 33. Rxg2
Rxg2+ 34. Qxg2 Qxg2+ 35. Kxg2 Kd8 36. Kh3 Ke7 37. Kh4 Kxe6 38. Kxh5 c5 39. Kg4
Ke5 40. Kh3 b5 41. Kg2 b4 42. Kf2 bxc3 43. bxc3 d4 44. Ke2 dxc3 45. Kd3 c2 46.
Kxc2 Kd4 47. Kd2 a5 48. a4 Kc4 49. Kc2 Kb4 50. Kd3 c4+ 0-1